[Event "London Classic Open 2017"]
[Site "London ENG"]
[Date "2017.12.02"]
[Round "1.27"]
[White "Millward, Kevin P"]
[Black "Elsness, Frode"]
[Result "0-1"]
[BlackTitle "IM"]
[WhiteElo "2035"]
[BlackElo "2477"]
[WhiteFideId "404721"]
[BlackFideId "1501100"]
[EventDate "2017.12.02"]

1. d4 Nf6 2. Bf4 d5 3. e3 c5 4. c3 Nc6 5. Nd2 e6 6. Ngf3 cxd4 7. exd4 Nh5 8. Bg5
f6 9. Bh4 Bd6 10. Ne5 Nf4 11. g3 Ng6 12. Nxc6 bxc6 13. Bd3 e5 14. Qh5 e4 15.
Nxe4 dxe4 16. Bxe4 O-O 17. Bxc6 Rb8 18. O-O-O Be6 19. d5 Qa5 20. a4 Ba3 21. Qe2
Qxc3+ 0-1

[Event "London Classic Open 2017"]
[Site "London ENG"]
[Date "2017.12.02"]
[Round "1.29"]
[White "Wilks, Simon"]
[Black "Abergel, Thal"]
[Result "0-1"]
[BlackTitle "GM"]
[WhiteElo "2022"]
[BlackElo "2464"]
[WhiteFideId "427357"]
[BlackFideId "614890"]
[EventDate "2017.12.02"]

1. e4 c5 2. Nc3 Nc6 3. Bb5 Nd4 4. Nf3 a6 5. Bd3 Nc6 6. a3 e6 7. b3 Nf6 8. O-O d5
9. Re1 Be7 10. Bb2 O-O 11. Bf1 d4 12. Nb1 e5 13. d3 Ne8 14. Nbd2 b5 15. g3 Be6
16. h3 Rb8 17. Bc1 Nd6 18. Bg2 c4 19. Nh2 cxd3 20. cxd3 Qd7 21. Ng4 f6 22. f4
Rfc8 23. Kh2 Rc7 24. b4 Rbc8 25. Nb3 Nf7 26. f5 Bxb3 27. Qxb3 Nd8 28. Bd2 Rc2
29. Ra2 Qc7 30. Rea1 Nb7 31. Qe6 Rc6 32. Qb3 Bf8 33. Bf3 Kh8 34. Bd1 Nfd6 35.
Qd5 Nc4 36. dxc4 bxc4 37. Ba4 Rd6 38. Qe6 Rxe6 39. fxe6 Nd6 40. Bd7 Rb8 41. Rf1
Nxe4 42. Bc1 d3 43. Be3 c3 44. Nf2 Qc4 45. Raa1 d2 46. g4 c2 47. Nxe4 d1=Q 0-1

[Event "London Classic Open 2017"]
[Site "London ENG"]
[Date "2017.12.02"]
[Round "1.30"]
[White "Bilguun, Sumiya"]
[Black "Miller, Dominic"]
[Result "1-0"]
[WhiteTitle "IM"]
[WhiteElo "2459"]
[BlackElo "2018"]
[WhiteFideId "4901541"]
[BlackFideId "438065"]
[EventDate "2017.12.02"]

1. e4 e6 2. d4 d5 3. Nd2 Nf6 4. e5 Nfd7 5. f4 c5 6. c3 Nc6 7. Ndf3 Qb6 8. g3
cxd4 9. cxd4 Be7 10. Kf2 O-O 11. Kg2 f5 12. h3 Qd8 13. Bd3 Nb6 14. g4 Bd7 15.
Ne2 a5 16. a4 Nb4 17. Bb1 Qe8 18. Nc3 Rc8 19. Qe2 Nxa4 20. Qe1 Bb5 21. gxf5 exf5
22. Kh2 Qc6 23. Nxb5 Qxb5 24. Qf1 Qc6 25. Qg2 b5 26. Bd2 Qb6 27. Bxb4 Bxb4 28.
Ba2 Qb7 29. Nh4 Nb6 30. Bb1 Qd7 31. Rg1 Rc7 32. Qg5 Qe7 33. Qxe7 Bxe7 34. Nxf5
Bb4 35. Bd3 g6 36. Raf1 Nc4 37. Rf2 Kh8 38. Nh4 Be7 39. Nxg6+ hxg6 40. Rxg6 Ne3
41. f5 Bd8 42. f6 Rh7 43. Rg3 1-0

[Event "London Classic Open 2017"]
[Site "London ENG"]
[Date "2017.12.02"]
[Round "1.31"]
[White "Pollack, Oscar"]
[Black "Zhou, Yang-Fan"]
[Result "0-1"]
[BlackTitle "IM"]
[WhiteElo "2014"]
[BlackElo "2459"]
[WhiteFideId "429414"]
[BlackFideId "468584"]
[EventDate "2017.12.02"]

1. e4 c5 2. Nf3 d6 3. d4 Nf6 4. Nc3 cxd4 5. Nxd4 g6 6. Be3 Bg7 7. Be2 a6 8. Qd2
Nc6 9. O-O-O Bd7 10. Kb1 Rc8 11. f3 h5 12. Nd5 Ne5 13. Nb6 Qxb6 14. Ne6 Qc6 15.
Nxg7+ Kf8 16. Bh6 Kg8 17. c3 Rh7 18. h3 Rxg7 19. Bxg7 Kxg7 20. g4 h4 21. Ka1 Kg8
22. Qc1 Nc4 23. Bxc4 Qxc4 24. e5 dxe5 25. g5 Nd5 26. f4 Be6 27. fxe5 Nxc3 28. b3
Qb5 29. Rde1 Nxa2 30. Qd2 Nb4 31. Rc1 Qa5+ 0-1

[Event "London Classic Open 2017"]
[Site "London ENG"]
[Date "2017.12.02"]
[Round "1.32"]
[White "Williams, Simon K"]
[Black "Ditmas, Hugh"]
[Result "1-0"]
[WhiteTitle "GM"]
[WhiteElo "2453"]
[BlackElo "2004"]
[WhiteFideId "404454"]
[BlackFideId "1270666"]
[EventDate "2017.12.02"]

1. d4 Nf6 2. c4 e6 3. Nf3 b6 4. g3 Ba6 5. Qc2 Bb7 6. Bg2 c5 7. d5 exd5 8. O-O d4
9. e3 dxe3 10. Bxe3 Be7 11. Nc3 O-O 12. Rad1 Na6 13. Rd2 Qc8 14. Bf4 d5 15. cxd5
Nb4 16. Qd1 Nbxd5 17. Nxd5 Nxd5 18. Rxd5 Bxd5 19. Qxd5 Qa6 20. Re1 Rad8 21. Qe4
Bf6 22. Bg5 Rd6 23. Bxf6 Rxf6 24. Ng5 g6 25. Qh4 h5 26. Nh7 Kxh7 27. Qxf6 Qxa2
28. Be4 Rc8 29. Bxg6+ Kg8 30. Bf5 1-0

[Event "London Classic Open 2017"]
[Site "London ENG"]
[Date "2017.12.02"]
[Round "1.33"]
[White "Kobas, Mihael"]
[Black "Bartholomew, John"]
[Result "0-1"]
[BlackTitle "IM"]
[WhiteElo "2001"]
[BlackElo "2448"]
[WhiteFideId "14537133"]
[BlackFideId "2019353"]
[EventDate "2017.12.02"]

1. d4 d5 2. Bf4 c5 3. e3 cxd4 4. exd4 Nc6 5. c3 Nf6 6. Bd3 a6 7. Nd2 Bg4 8. Qb3
Qc8 9. Ngf3 e6 10. O-O Be7 11. h3 Bh5 12. Rfe1 O-O 13. Ne5 Nd7 14. Qc2 Bg6 15.
Nxg6 hxg6 16. Nf3 Qd8 17. Re2 Rc8 18. Qd2 Na5 19. b3 Nf6 20. Rae1 Bd6 21. Bxd6
Qxd6 22. Ne5 Qc7 23. Rc1 Nc6 24. Nxc6 Qxc6 25. Qf4 Qd7 26. Rec2 Rc6 27. Qe5 Rfc8
28. f4 Qd8 29. g4 b5 30. f5 exf5 31. gxf5 g5 32. Qg3 Nh5 33. Qf3 Nf4 34. Bf1 Qf6
35. Qg4 b4 36. h4 Rxc3 37. hxg5 Qxd4+ 38. Rf2 Rxc1 39. Qxf4 Qxf4 40. Rxf4 R8c2
41. Rxb4 Rxa2 42. g6 fxg6 43. fxg6 Kf8 44. Rf4+ Ke8 45. Rb4 Raa1 46. Rb8+ Ke7
47. Rb7+ Kf6 0-1

[Event "London Classic Open 2017"]
[Site "London ENG"]
[Date "2017.12.02"]
[Round "1.34"]
[White "Cawdery, Daniel"]
[Black "Munshi, Aditya"]
[Result "1-0"]
[WhiteTitle "IM"]
[WhiteElo "2447"]
[BlackElo "2001"]
[WhiteFideId "14300249"]
[BlackFideId "436720"]
[EventDate "2017.12.02"]

1. e4 c5 2. Nf3 d6 3. d4 cxd4 4. Nxd4 Nf6 5. Nc3 a6 6. Bg5 Nbd7 7. Bc4 Qb6 8.
Bb3 e6 9. Qd2 Be7 10. O-O-O Nc5 11. Rhe1 O-O 12. f4 h6 13. h4 Qc7 14. Bxf6 Bxf6
15. g4 Nxb3+ 16. axb3 Be7 17. g5 h5 18. f5 g6 19. f6 Bd8 20. Nde2 Qa5 21. Qxd6
Bb6 22. Kb1 Bc7 23. Qe7 b5 24. Nd4 Qb6 25. e5 Ra7 26. Qb4 Bd7 27. Nf5 exf5 28.
Rxd7 Qf2 29. Red1 Qb6 30. Nd5 a5 31. Qxf8+ 1-0

[Event "London Classic Open 2017"]
[Site "London ENG"]
[Date "2017.12.02"]
[Round "1.35"]
[White "Myall, Ivan J"]
[Black "Hebden, Mark L"]
[Result "0-1"]
[BlackTitle "GM"]
[WhiteElo "2001"]
[BlackElo "2445"]
[WhiteFideId "425168"]
[BlackFideId "400084"]
[EventDate "2017.12.02"]

1. e4 e5 2. Nc3 Nf6 3. Bc4 Nc6 4. d3 Na5 5. Nge2 d6 6. O-O Be7 7. a3 Nxc4 8.
dxc4 O-O 9. Qd3 c6 10. h3 a6 11. a4 Be6 12. Rd1 Nd7 13. Ng3 Nc5 14. Qe2 g6 15.
b3 a5 16. Ba3 b6 17. Bxc5 bxc5 18. Rd3 Ra7 19. Rad1 Rd7 20. Qe1 Bg5 21. Nce2 Bh6
22. Qf1 f5 23. exf5 gxf5 24. f4 e4 25. R3d2 d5 26. cxd5 cxd5 27. c3 Qb6 28. Qf2
Kh8 29. Nh5 Bf7 30. Nhg3 Bg8 31. Nh5 Qg6 32. Neg3 Rc8 33. Qe2 Rb8 34. Qe3 Bf8
35. Rb1 d4 36. Qe1 d3 37. c4 Be6 38. Kh2 Be7 39. Ra2 Bh4 40. Qc3+ Kg8 41. Qe5
Re8 42. Qxc5 d2 43. Rd1 Rd3 44. Qf2 Qxh5 45. Nxh5 Bxf2 46. Nf6+ Kf7 47. Nxe8
Bg3+ 48. Kg1 e3 49. Kf1 Kxe8 50. Rc2 Bxf4 51. Ke2 Rxb3 52. Rf1 Rb2 53. Rc3 d1=Q+
54. Kxd1 e2+ 55. Ke1 exf1=R+ 56. Kxf1 Bd2 57. Rf3 Bxc4+ 58. Kg1 f4 59. Kh2 Be3 0-1

[Event "London Classic Open 2017"]
[Site "London ENG"]
[Date "2017.12.02"]
[Round "1.36"]
[White "Das, Sayantan"]
[Black "Sielicki, Tomasz"]
[Result "1-0"]
[WhiteTitle "IM"]
[WhiteElo "2442"]
[BlackElo "2001"]
[WhiteFideId "5034426"]
[BlackFideId "1111400"]
[EventDate "2017.12.02"]

1. e4 e5 2. Nf3 Nc6 3. Bb5 f5 4. d4 fxe4 5. Nxe5 Nxe5 6. dxe5 c6 7. Nc3 cxb5 8.
Nxe4 d5 9. exd6 Nf6 10. O-O Bf5 11. Nxf6+ Qxf6 12. Re1+ Kf7 13. Qd5+ Kg6 14. Bf4
Rd8 15. Re3 h6 16. Be5 Qe6 17. Qxb5 Qd7 18. Qd5 Qe6 19. Qd4 Kh7 20. Rd1 Be7 21.
Rc3 Qd7 22. dxe7 Qxe7 23. Bd6 Qd7 24. Rc7 Qxc7 25. Bxc7 Rxd4 26. Rxd4 Bxc2 27.
Ba5 Bf5 28. g4 Be6 29. Bc3 Re8 30. a3 Kg6 31. h3 Kf7 32. Kh2 Rc8 33. Kg3 Rc4 34.
Rd6 Rc6 35. Rd3 Rc7 36. Rf3+ Kg6 37. Re3 Bd5 38. Re5 Rd7 39. h4 a6 40. h5+ Kf7
41. f4 Bc6 42. g5 hxg5 43. Rxg5 Kf8 44. Kf2 Be4 45. Ke3 Bc6 46. Be5 Bh1 47. f5
Bd5 48. Kf4 Bb3 49. Rg3 Bd1 50. Rg5 Be2 51. f6 gxf6 52. Bxf6 Bd1 53. h6 Bc2 54.
Bg7+ Kf7 55. Bc3 Ke6 56. Rc5 Bh7 57. Rc8 Bb1 58. Rh8 Rh7 59. Re8+ Kd7 60. Re1
Rf7+ 61. Kg5 Bh7 62. Bf6 Kc6 63. Re7 Rxe7 64. Bxe7 Kd7 65. Kf6 b6 66. Bb4 Kc6
67. Kg7 Bd3 68. h7 Bxh7 69. Kxh7 Kb5 70. Kg6 Ka4 71. Kf5 b5 72. Ke6 a5 73. Bc3
b4 74. axb4 axb4 75. Be5 b3 76. Kd5 Kb4 77. Bd6+ Kb5 78. Be7 1-0

[Event "London Classic Open 2017"]
[Site "London ENG"]
[Date "2017.12.02"]
[Round "1.37"]
[White "Busse, Tom Niklas"]
[Black "Wells, Peter K"]
[Result "0-1"]
[BlackTitle "GM"]
[WhiteElo "1996"]
[BlackElo "2441"]
[WhiteFideId "12981605"]
[BlackFideId "400327"]
[EventDate "2017.12.02"]

1. c4 Nf6 2. g3 e6 3. Bg2 d5 4. Nf3 dxc4 5. Qa4+ c6 6. Qxc4 b5 7. Qc2 Bb7 8. d4
Nbd7 9. Nc3 c5 10. O-O a6 11. a3 Rc8 12. e4 b4 13. e5 bxc3 14. exf6 cxd4 15.
fxg7 Bxg7 16. bxc3 Rxc3 17. Qd1 Qa8 18. Nh4 Bxg2 19. Nxg2 Ne5 20. f4 Nf3+ 21.
Kh1 Qd5 22. Bb2 Rb3 23. Qe2 Nxh2 24. Kxh2 d3 25. Qf3 Qxf3 26. Rxf3 Bxb2 27. Rb1
O-O 28. Ne1 d2 29. Nd3 Rd8 0-1

[Event "London Classic Open 2017"]
[Site "London ENG"]
[Date "2017.12.02"]
[Round "1.38"]
[White "Cherniaev, Alexander"]
[Black "Riedener, Toni"]
[Result "1-0"]
[WhiteTitle "GM"]
[WhiteElo "2436"]
[BlackElo "1989"]
[WhiteFideId "4117301"]
[BlackFideId "1302698"]
[EventDate "2017.12.02"]

1. d4 d5 2. Nf3 Nf6 3. g3 c6 4. Bg2 g6 5. O-O Bg7 6. c4 O-O 7. Nbd2 Bf5 8. b3
Ne4 9. Bb2 Nd7 10. Nh4 Nxd2 11. Qxd2 Nf6 12. Nxf5 gxf5 13. Rfc1 Qd7 14. e3 Ne4
15. Qa5 b6 16. Qa4 b5 17. cxb5 cxb5 18. Qa6 Rfc8 19. Bf1 b4 20. Bb5 Rxc1+ 21.
Rxc1 Qd8 22. a3 e6 23. axb4 Bf8 24. Bc6 Rc8 25. Qxa7 Bxb4 26. Qd7 Qf8 27. Ba4
Rxc1+ 28. Bxc1 h5 29. f3 Nc3 30. Kf1 Kh7 31. Bc6 h4 32. gxh4 Bd6 33. Bd2 Nb1 34.
Be1 Bxh2 35. Bxd5 Qg7 36. Bc6 Qg1+ 37. Ke2 Qg2+ 38. Kd1 Kg7 39. Qe7 Qf1 40. Qg5+
Kf8 41. h5 Bc7 42. h6 Ba5 43. b4 Nc3+ 44. Kc2 Qe2+ 45. Bd2 Qd1+ 46. Kxc3 Bxb4+
47. Kc4 Qc2+ 48. Kb5 Qd3+ 49. Kb6 1-0

[Event "London Classic Open 2017"]
[Site "London ENG"]
[Date "2017.12.02"]
[Round "1.39"]
[White "Skutta, Bernd"]
[Black "Krishna, C R G"]
[Result "0-1"]
[BlackTitle "IM"]
[WhiteElo "1988"]
[BlackElo "2421"]
[WhiteFideId "4666950"]
[BlackFideId "5018625"]
[EventDate "2017.12.02"]

1. d4 c5 2. d5 f5 3. Nh3 Nf6 4. Nc3 d6 5. e4 a6 6. Bd3 b5 7. Bg5 c4 8. Bxf6 exf6
9. exf5 cxd3 10. Qh5+ g6 11. fxg6 Qe7+ 12. Kd2 Qg7 13. gxh7+ Kd8 14. Nf4 Qh6 15.
g3 Rxh7 16. Qf3 Nd7 17. cxd3 Ne5 18. Qe3 Rb8 19. Rac1 Re7 20. Kc2 Bf5 21. Qd4 b4
22. Ne4 Nxd3 23. Ne6+ Rxe6 24. dxe6 Nxc1 0-1

[Event "London Classic Open 2017"]
[Site "London ENG"]
[Date "2017.12.02"]
[Round "1.41"]
[White "Kim, Jinsoo"]
[Black "Sundararajan, Kidambi"]
[Result "0-1"]
[BlackTitle "GM"]
[WhiteElo "1986"]
[BlackElo "2419"]
[WhiteFideId "13202405"]
[BlackFideId "5005370"]
[EventDate "2017.12.02"]

1. e4 c5 2. Nf3 e6 3. d4 cxd4 4. Nxd4 Nc6 5. Nc3 a6 6. Be3 Nf6 7. Be2 Bb4 8.
Nxc6 bxc6 9. Bf3 d5 10. exd5 cxd5 11. Qd4 Rb8 12. O-O O-O 13. a3 Bd6 14. Bg5 Qc7
15. Bxf6 gxf6 16. Qxf6 Bxh2+ 17. Kh1 Qf4 18. Qxf4 Bxf4 19. Rab1 Bd7 20. Be2 Rb6
21. Bd3 Be5 22. Nd1 Rfb8 23. b3 Bb5 24. Bxb5 axb5 25. Re1 Bg7 26. Ne3 d4 27. Ng4
Rc6 28. Re2 Rbc8 29. a4 bxa4 30. bxa4 h5 31. Ne5 Rxc2 32. Rxc2 Rxc2 33. Rb8+ Kh7
34. Nd3 Rc3 35. Nb4 Rc1+ 0-1

[Event "London Classic Open 2017"]
[Site "London ENG"]
[Date "2017.12.02"]
[Round "1.42"]
[White "Arjun, Kalyan"]
[Black "Misyura, Ilya"]
[Result "1-0"]
[WhiteElo "2419"]
[BlackElo "1983"]
[WhiteFideId "35018701"]
[BlackFideId "434183"]
[EventDate "2017.12.02"]

1. e4 e6 2. d4 d5 3. Nc3 Bb4 4. e5 c5 5. a3 Ba5 6. b4 cxd4 7. Qg4 Kf8 8. Nb5 Bb6
9. Nf3 Nc6 10. Bb2 Nge7 11. Nbxd4 h5 12. Qf4 Ng6 13. Nxc6 Nxf4 14. Nxd8 Bxd8 15.
g3 Ng6 16. Bd3 Ne7 17. O-O Bd7 18. a4 Nc6 19. Bc3 Be7 20. Rfb1 Rc8 21. b5 Nb8
22. Bd4 Bc5 23. Bxc5+ Rxc5 24. Nd4 Ke7 25. f4 g6 26. h3 Be8 27. Kg2 Rc3 28. a5
Nd7 29. a6 b6 30. Nc6+ Kf8 31. Nxa7 Rc7 32. Nc6 Rc8 33. c4 Nc5 34. Be2 dxc4 35.
Bxc4 Kg7 36. a7 Ra8 37. Be2 Ne4 38. Rb4 Nc3 39. Bf3 Nd5 40. Bxd5 exd5 41. Ne7
Bd7 42. Nxd5 Bc8 43. Nxb6 Bb7+ 44. Kh2 Rad8 45. Rb2 Be4 46. Rba2 h4 47. gxh4
Rxh4 48. a8=Q Bxa8 49. Nxa8 Rd3 50. b6 g5 51. b7 Rdxh3+ 52. Kg1 Rh1+ 53. Kf2
R1h2+ 54. Ke1 Rh1+ 55. Kd2 R1h2+ 56. Kc3 R2h3+ 57. Kb4 Rxf4+ 58. Ka5 Rh8 59. Rb2
Rf5 60. Re1 1-0

[Event "London Classic Open 2017"]
[Site "London ENG"]
[Date "2017.12.02"]
[Round "1.43"]
[White "Burke, John S"]
[Black "Henderson de La Fuente, Lance"]
[Result "0-1"]
[WhiteElo "1978"]
[BlackElo "2419"]
[WhiteFideId "404322"]
[BlackFideId "32096585"]
[EventDate "2017.12.02"]

1. d4 e6 2. Nf3 c5 3. e3 Nf6 4. Bd3 Be7 5. Nbd2 b6 6. O-O Bb7 7. b3 O-O 8. Bb2
cxd4 9. Nxd4 d6 10. Qe2 a6 11. c4 Nbd7 12. Rac1 Re8 13. Bb1 Bf8 14. Rfd1 Qc7 15.
Nf1 g6 16. Ng3 Bg7 17. Nf3 Rad8 18. Rd2 Nc5 19. Rcd1 e5 20. Bc2 a5 21. a3 Nfe4
22. Nxe4 Nxe4 23. Bxe4 Bxe4 24. Ne1 a4 25. b4 Bf8 26. Rc1 Rc8 27. Qd1 Qa7 28.
Qe2 Rc7 29. Nf3 Rec8 30. Rdd1 Qa8 31. Ne1 Bf5 32. Nf3 Qa6 33. b5 Qa8 34. Nd2 Rc5
35. Bc3 d5 36. Bxe5 dxc4 37. Bc3 Rxb5 38. Nxc4 Rb3 39. Bd4 Qa6 40. g4 Be6 41.
Qf3 Be7 42. Qf4 Rxc4 43. Qe5 Rxd4 44. Rxd4 Qb5 45. Qe4 Rxa3 46. Rcd1 Kg7 47. f4
Qe2 0-1

[Event "London Classic Open 2017"]
[Site "London ENG"]
[Date "2017.12.02"]
[Round "1.44"]
[White "Arkell, Keith C"]
[Black "Lee, Kyungseok"]
[Result "1/2-1/2"]
[WhiteTitle "GM"]
[WhiteElo "2416"]
[BlackElo "1975"]
[WhiteFideId "400270"]
[BlackFideId "13202154"]
[EventDate "2017.12.02"]

1. d4 Nf6 2. Nf3 e6 3. c4 b6 4. a3 Bb7 5. Nc3 d5 6. cxd5 Nxd5 7. Bg5 Be7 8. Bxe7
Qxe7 9. Qa4+ Qd7 10. Qc2 O-O 11. e3 h6 12. Rc1 Nxc3 13. Qxc3 Rc8 14. b4 a5 15.
Be2 axb4 16. axb4 Qd6 17. O-O Nc6 18. b5 Ne7 19. Ra1 c6 20. bxc6 Bxc6 21. Qb2
Rxa1 22. Rxa1 Be4 23. Nd2 Ba8 24. Bf3 Bxf3 25. Nxf3 Rb8 26. Ne5 Nc6 27. Nd3 Na5
28. Qb5 Rd8 29. Rb1 Rb8 30. h3 Qc6 31. Qa6 Qb7 32. Qb5 Qc6 33. Qe5 Rd8 34. Nb4
Qc4 35. Qe4 Rc8 36. g4 Nb3 37. Qb7 Nd2 38. Rd1 Rf8 39. Nc6 Qe2 40. Ne7+ Kh8 41.
Ra1 Nf3+ 42. Kg2 Ne1+ 43. Kg1 Nf3+ 44. Kg2 Ne1+ 45. Kg1 Nf3+ 1/2-1/2

[Event "London Classic Open 2017"]
[Site "London ENG"]
[Date "2017.12.02"]
[Round "1.45"]
[White "Rice, Chris B"]
[Black "Hansen, Torbjorn Ringdal"]
[Result "1/2-1/2"]
[BlackTitle "GM"]
[WhiteElo "1969"]
[BlackElo "2408"]
[WhiteFideId "404446"]
[BlackFideId "1501720"]
[EventDate "2017.12.02"]

1. c4 Nf6 2. g3 g6 3. Bg2 Bg7 4. Nc3 d6 5. Nf3 O-O 6. O-O Nc6 7. d3 e5 8. Rb1 a5
9. a3 Nd4 10. Nd2 c6 11. e3 Ne6 12. Nde4 Ne8 13. b4 f5 14. Nd2 axb4 15. axb4 Nf6
16. Qb3 Kh8 17. Bb2 f4 18. gxf4 exf4 19. Nce4 Nxe4 20. dxe4 Qe7 21. Ra1 Rxa1 22.
Bxa1 Bxa1 23. Rxa1 Qf6 24. Ra8 fxe3 25. Qxe3 Nf4 26. Bf1 Kg7 27. Kh1 g5 28. f3
h6 29. Qa3 Rd8 30. Qa5 Qe7 31. Kg1 Rf8 32. Qa7 Kg8 33. Kh1 c5 34. bxc5 dxc5 35.
Qb6 Kh7 36. Nb3 Rd8 37. Nd2 g4 38. Qb1 Rxd2 39. Rxc8 gxf3 40. Qe1 f2 41. Qe3 Qe5
42. Rc7+ Qxc7 43. Qxd2 Qe5 44. Qxf2 Qxe4+ 45. Kg1 b6 46. Qg3 Qd4+ 47. Kh1 b5 48.
cxb5 c4 49. b6 c3 50. b7 Qe4+ 51. Kg1 c2 52. Qc3 Qxb7 53. Qxc2+ Ng6 1/2-1/2

[Event "London Classic Open 2017"]
[Site "London ENG"]
[Date "2017.12.02"]
[Round "1.46"]
[White "Houska, Jovanka"]
[Black "Edwards, Simon R"]
[Result "1-0"]
[WhiteTitle "IM"]
[WhiteElo "2407"]
[BlackElo "1966"]
[WhiteFideId "405094"]
[BlackFideId "406821"]
[EventDate "2017.12.02"]

1. d4 Nf6 2. Nf3 e6 3. c4 c5 4. d5 exd5 5. cxd5 d6 6. Nc3 g6 7. Nd2 a6 8. a4 Bg7
9. e4 O-O 10. Be2 Re8 11. O-O Nbd7 12. h3 Rb8 13. a5 b5 14. axb6 Qxb6 15. Nc4
Qc7 16. Qc2 Nb6 17. Na5 Nfd7 18. Be3 Bd4 19. Bg5 Bf6 20. Bxf6 Nxf6 21. Ra2 c4
22. Nc6 Ra8 23. Rfa1 Bd7 24. Bf3 Bc8 25. Nd1 Nfd7 26. Ne3 Ne5 27. Nxe5 Rxe5 28.
b3 Bb7 29. Nxc4 Nxc4 30. Qxc4 Qb6 31. Ra4 Rc8 32. Qb4 Qc7 33. Qd2 Qe7 34. Rc4
Rxc4 35. bxc4 Qc7 36. Qb4 Bc8 37. Rb1 Re8 38. Qa4 Rd8 39. Bd1 Qe7 40. Bc2 Qg5
41. Qa3 Qd2 42. Qb2 Qg5 43. Qc3 Rf8 44. Re1 Re8 45. Ba4 Re5 46. Bc6 Qe7 47. Rb1
Rxe4 48. Rb8 Qc7 49. Qb2 Re7 50. Ra8 h6 51. Kh2 Kh7 52. Qf6 Re5 53. c5 dxc5 54.
Rxc8 1-0

[Event "London Classic Open 2017"]
[Site "London ENG"]
[Date "2017.12.02"]
[Round "1.47"]
[White "Ifalore, Michael"]
[Black "Martins, David Pires Tavares"]
[Result "0-1"]
[BlackTitle "IM"]
[WhiteElo "1962"]
[BlackElo "2400"]
[WhiteFideId "436356"]
[BlackFideId "1909991"]
[EventDate "2017.12.02"]

1. d4 d6 2. e4 Nf6 3. Nc3 g6 4. Bg5 Bg7 5. Qd2 h6 6. Bf4 c6 7. Nf3 b5 8. Bd3 g5
9. Be3 Ng4 10. Ne2 Nd7 11. Ng3 Nxe3 12. Qxe3 Qa5+ 13. c3 b4 14. Bc4 Nb6 15. Bb3
bxc3 16. Qxc3 Qxc3+ 17. bxc3 O-O 18. a4 Be6 19. Bc2 c5 20. Ne2 Bc4 21. h3 Rfc8
22. a5 Nd7 23. Ba4 Nf8 24. Ng3 Rab8 25. Nf5 Rc7 26. Rc1 Bd3 27. dxc5 Rxc5 28.
Nxe7+ Kh8 29. Nc6 Rxc3 30. Rd1 Rb2 31. Nd2 Ra3 32. Bb3 Bc3 0-1

[Event "London Classic Open 2017"]
[Site "London ENG"]
[Date "2017.12.02"]
[Round "1.48"]
[White "Baenziger, Fabian"]
[Black "Rogacewicz, Mikolaj"]
[Result "1-0"]
[WhiteTitle "FM"]
[WhiteElo "2400"]
[BlackElo "1961"]
[WhiteFideId "1330110"]
[BlackFideId "21842981"]
[EventDate "2017.12.02"]

1. e4 e6 2. d3 d5 3. Nd2 c5 4. Ngf3 Nc6 5. g3 Bd6 6. Bg2 Nge7 7. O-O Qc7 8. c3
d4 9. Nc4 e5 10. Nh4 Be6 11. Na3 f6 12. f4 a6 13. f5 Bf7 14. c4 Rb8 15. g4 h6
16. Nf3 b5 17. b3 b4 18. Nc2 Kd7 19. h4 Nc8 20. Bd2 Nb6 21. Kf2 a5 22. Rh1 Qd8
23. Qc1 Kc7 24. Rh2 Qe7 25. Qb2 Rbg8 26. Bh3 Ra8 27. Rah1 a4 28. g5 a3 29. Qc1
hxg5 30. hxg5 Be8 31. Bg4 Rg8 32. Rh7 Nd7 33. g6 Nf8 34. Rh8 Rxh8 35. Rxh8 Ra7
36. Qh1 Kb8 37. Rg8 Na5 38. Qh8 Nxb3 39. axb3 a2 40. Na1 Rc7 41. Bh6 1-0

[Event "London Classic Open 2017"]
[Site "London ENG"]
[Date "2017.12.02"]
[Round "1.49"]
[White "Midhun, P U"]
[Black "McDonald, Neil"]
[Result "1/2-1/2"]
[BlackTitle "GM"]
[WhiteElo "1956"]
[BlackElo "2397"]
[WhiteFideId "5074940"]
[BlackFideId "400629"]
[EventDate "2017.12.02"]

1. d4 d5 2. g3 Nf6 3. Bg2 e6 4. Nf3 Be7 5. O-O O-O 6. Bf4 c5 7. c3 Nc6 8. Nbd2
b6 9. Re1 Bb7 10. Nb3 c4 11. Nbd2 b5 12. a3 Nh5 13. Ne5 Nxf4 14. gxf4 f6 15.
Nxc6 Bxc6 16. e3 Bd6 17. Qg4 Qe7 18. Nf3 a5 19. Kh1 b4 20. axb4 axb4 21. Nd2 Qd7
22. Qf3 e5 23. Rxa8 Bxa8 24. Ra1 e4 25. Bh3 f5 26. Qd1 Bc6 27. Ra5 Qe7 28. Qa1
bxc3 29. bxc3 Bb8 30. Qb1 g6 31. Ra6 Bb7 32. Rb6 Rf7 33. Bf1 Qc7 34. Qb5 Kg7 35.
Qb2 g5 36. Bg2 gxf4 37. exf4 Qxf4 38. Nf1 Qc7 39. Ng3 Kh8 40. Qb5 Kg8 41. Bh3
Ba7 42. Re6 Bb8 43. Rb6 Ba7 44. Re6 Bb8 45. Rb6 1/2-1/2

[Event "London Classic Open 2017"]
[Site "London ENG"]
[Date "2017.12.02"]
[Round "1.50"]
[White "Munguntuul, Batkhuyag"]
[Black "Stoyanov, Viktor"]
[Result "1-0"]
[WhiteTitle "IM"]
[WhiteElo "2397"]
[BlackElo "1950"]
[WhiteFideId "4900758"]
[BlackFideId "450308"]
[EventDate "2017.12.02"]

1. e4 e5 2. Nf3 Nc6 3. Bb5 a6 4. Ba4 Nf6 5. O-O Be7 6. Qe2 b5 7. Bb3 O-O 8. c3
d5 9. d3 d4 10. cxd4 Nxd4 11. Nxd4 Qxd4 12. Be3 Qd6 13. Rc1 Ng4 14. Bd2 Nf6 15.
h3 Bb7 16. Be3 Rad8 17. Nd2 Qxd3 18. Qxd3 Rxd3 19. Rxc7 Rd7 20. Rxd7 Nxd7 21.
Rc1 Rc8 22. Rxc8+ Bxc8 23. Bd5 Nf6 24. Bc6 Bd7 25. Bb7 a5 26. Bb6 a4 27. Bc7 Be6
28. a3 Nd7 29. Bc6 b4 30. axb4 Bxb4 31. Nf3 a3 32. bxa3 Bxa3 33. Ng5 Nf8 34.
Nxe6 Nxe6 35. Bxe5 Bc5 36. Kf1 Kf8 37. Bd5 Nd4 38. Bb8 Ke7 39. Ke1 Nc2+ 40. Ke2
Nb4 41. Bb7 Nc2 42. f4 h5 43. Be5 f6 44. Bb8 g6 45. e5 Nd4+ 46. Kd3 Ne6 47.
exf6+ Kxf6 48. Bd5 Nf8 49. Bc7 Nd7 50. Ba5 Bg1 51. Ke4 Nc5+ 52. Kf3 Bd4 53. Bc4
Ne6 54. Ke4 Bb2 55. Bb4 Bc1 56. Bd6 g5 57. f5 Bf4 58. Ba3 Nd8 59. Bb2+ Ke7 60.
f6+ Ke8 61. Kf5 Nf7 62. Bxf7+ Kxf7 63. h4 1-0